000 01262nam0a2200337 4500
001 RU\NLR\BIBL_A\022633885
005 20251219160709.0
010 _a978-5-6053868-2-7
021 _aRU
_bАЛ-П-25-00765и
_9АЛ-П-25-0157
035 _a(NLR Aleph) 022633885
090 _a13506595
_c13506595
100 _a20251001d2025 u y0rusy50 ca
101 0 _arus
102 _aRU
105 _aacg z 000cy
181 0 _ab3
_bxb2e
181 0 _ai2
_baxxe
182 0 _an
200 1 _aУслышать музей
_eэссе
_fСергей Уваров
203 _aИзображение
_aТекст
_bвизуальные
_cнепосредственные
210 _aМосква
_cКомпозитор
_d2025
215 _a174, [1] с.
_cцв. ил., портр., ноты
_d25
606 1 _aМузыка и искусство
_92151011
_3RU\NLR\AUTH\661600124
606 1 _aЗвуковое искусство
_92397513
_3RU\NLR\AUTH\6601649308
686 1 _aЩ310.482
686 1 _aЩ310.17
700 1 _7ca
_8rus
_aУваров
_bС. А.
_cканд. искусствоведения
_gСергей Алексеевич
_9190858
_3RU\NLR\AUTH\770190909
942 _cBOOK
980 _aNB